01633nam a22003497a 4500003000400000005001700004008004100021040002200062082001800084100003000102245003000132260006000162300002100222366000800243490002600251505002000277505005800297505009500355505025400450505001200704650006000716650005200776650005300828650004300881650004500924650005600969650004701025700003601072942002901108999001501137952013101152OSt20230616081202.0221006b |||||||| |||| 00| 0 eng d cBiblioteca Lado V a709.05bG851a 9855aGriffin, Timeeditor aArtforum/bInternacional/ aNew Yorkc2004bNew York editorial and business offices c26.5x27cma234p. eeng aMayov2004x0864-1315 tEditor's Letter tCOLUMNSaPassages Film Architecture Sound Top Ten tPreviewaSummer 2004 Exhibitions US News From the Vault On the road International News tFeaturesaMany Happy Returns: The 2004 Whitney Biennial Continental Schrift: The Story of Interfunktion In Conversation: Dan Graham and Michael Smith 1000 Words: Matthew Barney Modern Style: "Fashioning Fiction" at MOMA Openings: Lara Favaretto tReviews 2Tesauro de Arte & ArquitecturaaARTE COMTEMPORANEO9703 2Tesauro de Arte & ArquitecturaaFOTOGRAFIA9702 2Tesauro de Arte & ArquitecturaaARTE VISUAL9702 2Tesauro de Arte & ArquitecturaaLIBROS 2Tesauro de Arte & ArquitecturaaNOTICIAS 2 Tesauro de Arte & ArquitecturaaARTE INTERNACIONAL 2 Tesauro de Arte & ArquitecturaaESCULTURA aNavarreta, Jose Antonioeeditor 2ddcc1h709.05iG851an0 c3844d3844 00102ddc3200440708RevistasaLVbLVd2023-06-16hMayoi002533l0o709.05 G851ap002533r2023-06-16 00:00:00w2023-06-16y1